Marvel Legendary: All Villains - Statistics

General Stats
  • This quiz has been taken 71 times
    38 since last reset
  • The average score is 115 of 627
Answer Stats
Expansion Villain Group Answer % Correct
Ultron-Pym
79%
Apocalyptic Magneto
76%
Brutish Ultron-14
76%
Future Ultron Prime
76%
Legions of Ultron
76%
Loki
76%
Loki 2099
76%
Original Ultron-1
76%
Ultron
76%
Ultron Roboticks
76%
Zombie Loki
76%
Skull Demon
69%
Red Skull, HYDRA Occultist
66%
Stonekeeper
66%
Venom
66%
Venom
66%
Venomm
66%
Zombie Venom
66%
Masters of Evil Baron Zemo
62%
Green Goblin
62%
Kraven, Animal Trainer
62%
Kraven the Hunter
62%
Thanos
62%
Secret Wars Vol. 1 The Deadlands Zombie Baron Zemo
62%
Zombie Thanos
62%
Mystique
59%
Spider-Foes Doctor Octopus
55%
Poison Dr. Octopus
55%
Sandman
55%
Cosmic Hulk Robot
52%
Electro
52%
Hulkbuster Iron Man
52%
Poison Hulk
52%
Wasteland The Hulk Gang
52%
Zombie Iron Man
52%
Core Brotherhood Blob
48%
Dark Hawkeye (Bullseye)
48%
Dark Spider-Man (Scorpion)
48%
Juggernaut
48%
Vulture
48%
Vulture, Carnival Cannibal
48%
Radiation Abomination
45%
Gamma Hunters Abomination, Raging Monster
45%
Iron Man
45%
Party Skrull
45%
Poisons Poison Captain America
45%
Rhino
45%
Skrull Shapeshifters
45%
Manhattan (Earth-1610) Ultimate Captain America
45%
Weaponized Galactus
45%
Whiplash
45%
Zombie Avengers Zombie Captain America
45%
X-Men Noir Bobby "Iceman" Drake
41%
Chitauri Soldier
41%
Dark Iceman
41%
Dark Marvel Girl
41%
Hela 2099
41%
Hulk
41%
Iceman
41%
Lt. Gen "Thunderbolt" Ross
41%
Scott "Cyclops" Summers
41%
Thor 2099
41%
Troop Ships of Kang
41%
Ultimate Thor
41%
Wasteland Kingpin
41%
Zombie Mysterio
41%
Apocalyptic Rogue
38%
HYDRA Arnim Zola
38%
Rival Overlords Arnim Zola, HYDRA Scientist
38%
Captain America
38%
Cyclops
38%
Dark Cyclops
38%
Dark Wolverine (Daken)
38%
Ghost Rider
38%
Inferno Cyclops
38%
Superhuman Registration Act Iron Spider
38%
Jean Grey
38%
Jean Grey Noir
38%
Justin Hammer
38%
Poison Sabretooth
38%
Poison Spider-Man
38%
Rogue
38%
Ronan the Accuser
38%
Sabretooth
38%
Spider-Man
38%
Spider-Man
38%
Super-Skrull
38%
The Lizard
38%
Thor
38%
War
38%
Wolverinepool
38%
X-Men '92 '92 Beast
34%
'92 Wolverine
34%
Villains Avengers Ant-Man
34%
Apocalyptic Weapon X
34%
Beast
34%
Fear Itself The Mighty Black Widow
34%
Cull Obsidian
34%
Defenders Daredevil
34%
Dark Angel
34%
Dark Beast
34%
Secret Wars Vol. 2 Deadpool's Secret Secret Wars Deadpool
34%
Deadpool
34%
Evil Deadpool Corpse D.E.A.D.P.O.O.L.
34%
Strange's Demons Demon Champion of HYDRA
34%
Ebony Maw
34%
Ebony Maw
34%
Emma Frost (White Queen)
34%
Enchantress
34%
Enslaved Hawkeye
34%
Ghost Deadpool
34%
Henry "Beast" McCoy
34%
Iron Fist
34%
Iron Fist
34%
Laufey, Father of Loki
34%
Laufey, Frost Giant King
34%
M.O.D.O.K.
34%
Ororo Munroe, Storm-Tossed
34%
Party Surtur
34%
Poison Scarlet Witch
34%
Poison Storm
34%
Punisher
34%
Punisher, Red Dot Sniper
34%
Rand K'ai
34%
Scream
34%
Storm
34%
Surtur, Fire Giant King
34%
Taskmaster
34%
Taskmaster
34%
The Deadpool Kid
34%
The Leader, Gamma Fiend
34%
The Orb (Villanous Weapon)
34%
Ultimate Deadpool
34%
Wasteland Hawkeye
34%
Wolverine
34%
Wolverine
34%
Wolverine of Future Past
34%
Yellowjacket
34%
Yellowjacket Prototype
34%
Zombie Hawkeye
34%
Zombie M.O.D.O.K.
34%
X-Men First Class Angel
31%
Streets of New York Bullseye
31%
Civil War CSA Special Marshals Bullseye
31%
Taskmaster's Thunderbolts Bullseye
31%
Marvel Studios' What If…? Black Order Guards Cull Obsidian
31%
Demonbound Doctor Strange
31%
Dormammu
31%
Dr. Strange
31%
Dr. Strange
31%
Dr. Strange, Possessed by Zom
31%
HYDRA Endless Armies of HYDRA
31%
Endless Armies of HYDRA
31%
Gamora
31%
Hawkeye
31%
Hobgoblin
31%
Hydra Arms Dealer
31%
HYDRA Kidnappers
31%
HYDRA Motorcycle Squad
31%
HYDRA Tank
31%
Luke Cage
31%
Guardians of the Galaxy Infinity Gems Mind Gem
31%
Namor, the Sub-Mariner
31%
Proxima Midnight
31%
Proxima Midnight
31%
Proxima Midnight
31%
Scarlet Witch
31%
Sebastian Shaw (Black King)
31%
Shocker
31%
Shocker #1
31%
Shocker #2
31%
The Leader
31%
Infinity Stones The Mind Stone
31%
Ultimate Wasp
31%
Wasp
31%
Zombie Doctor Strange
31%
Zombie Wasp
31%
Marvel Knights Black Panther
28%
Sinister Six Chameleon
28%
Uncanny X-Men Colossus
28%
Sentinel Territories Colossus of Future Past
28%
Comrade Rasputin, Steel Wall
28%
Corvus Glaive
28%
Corvus Glaive
28%
Corvus Glaive
28%
Four Horsemen Death
28%
Drax the Destroyer
28%
Ego
28%
Groot
28%
Groot from Planet X
28%
Limbo Inferno Colossus
28%
Inferno Nightcrawler
28%
Nightcrawler
28%
Radioactive Man
28%
Radioactive Man
28%
Rocket Raccoon
28%
Noir Goblin's Freak Show The Chameleon
28%
The Collector
28%
Viper
28%
Warden Emma Frost
28%
Zombie Madame Hydra
28%
'92 Professor X
24%
Dark Avengers Ares
24%
Spider Friends Black Cat
24%
Captain America 75th Anniversary Masters of Evil (WWII) Black Knight
24%
Captain Marvel (Noh-Varr)
24%
Hydra Elite Crossbones
24%
Cross Technologies Cross' Secuirty Detail
24%
Elektra
24%
Elektra, Red Blades
24%
Famine
24%
Kate Pryde of Future Past
24%
Klaw
24%
Mastermind (Jason Wyngarde)
24%
Moon Knight
24%
Piledriver
24%
Power Gem
24%
Red Sai
24%
Sentry
24%
Shadowcat
24%
Skurge, the Executioner
24%
Soul Gem
24%
Space Gem
24%
The Power Stone
24%
The Soul Stone
24%
The Space Stone
24%
The Wrecker
24%
Two-Headed Ram Demon
24%
Ultimate Captain Marvel
24%
Ulysses Klaue
24%
'92 Jubilee
21%
Agent Gabe Jones
21%
Venom Life Foundation Agony
21%
Celestials Arishem, the Judge
21%
Wrecking Crew Bulldozer
21%
Captain Marvel
21%
Intergalactic Party Animals Captain Marvel, End of the Party
21%
Chitauri Leviathan
21%
Dark Ms. Marvel (Moonstone)
21%
Dracula
21%
Uncanny Avengers Havok
21%
X-Men Dark Descendants Havok, Brainwashed
21%
Pestilence
21%
Reality Gem
21%
Red She-Hulk
21%
Red She-Hulk
21%
The Reality Stone
21%
The Time Stone
21%
Time Gem
21%
Ymir, Frost Giant King
21%
Zombie Mr. Sinister
21%
Underworld Azazel
17%
Lords of the Netherworld Baron Mordo
17%
Illuminati Black Bolt
17%
Crimson Dynamo
17%
Enemies of Asgard Destroyer
17%
Enemies of Asgard Destroyer
17%
Frost Giant
17%
Frost Giant
17%
Hammerhead
17%
Living Laser
17%
Maestro
17%
Man-Thing
17%
M'Baku
17%
Melter
17%
Melter (WWII)
17%
Nebula
17%
Nebula, Stone Seeker
17%
Party Nebula
17%
Pharaoh Rama-Tut
17%
Riot
17%
She-Hulk
17%
Supergiant
17%
Thunderball
17%
Tinkerer
17%
Whirlwind
17%
Wolf Demon
17%
Zzzax
17%
Murderworld Animatronic Killer Clowns (Trap)
14%
Inteligencia Battle of Wits (Trap)
14%
Shadow-X Betrayal of the Shadow (Trap)
14%
Blackheart
14%
Registration Enforcers Blade
14%
Code Red Caught Red-Handed (Trap)
14%
Marvel Studios, Phase 1 Chitauri Chitauri Chariot
14%
Chitauri Commander
14%
Marvel Studios' Infinity Saga Children of Thanos Chitauri Gorilla
14%
Vulture Tech Chitauri Weapon Assault
14%
Hellfire Club Corrupt the Phoenix Force (Trap)
14%
Count Nefaria
14%
Dr. Bill Foster
14%
Dark City Emissaries of Evil Egghead
14%
Enchain the Hulk (Trap)
14%
Endless Armies of Chitauri
14%
Executioner
14%
Fantastic Four Heralds of Galactus Firelord
14%
Firestar
14%
Sakaar Imperial Guard Gladiator's Colosseum (Trap)
14%
Goliath
14%
Guillotine Rollercoaster (Trap)
14%
Hive
14%
Timelines of Kang Immortus
14%
Iron Lad
14%
Korath the Pursuer
14%
Korath the Pursuer
14%
Sisterhood of Mutants Lady Deathstrike
14%
Realm of Kings Inhuman Rebellion Lash
14%
Lasher
14%
Mindwarping TV Broadcast (Trap)
14%
Monstrous Pinball Machine (Trap)
14%
Party Korath
14%
Psychic Subjugation (Trap)
14%
Psychotic Break (Trap)
14%
Resurrect Madelyne Pryor (Trap)
14%
Shi'ar Trial by Combat (Trap)
14%
Silver Samurai
14%
Sulfuric Acid Water Slide (Trap)
14%
Swordsman
14%
Ulik, the Troll
14%
Unidentified Flying U-Foes (Trap)
14%
Vapor
14%
Warbound Rescue (Trap)
14%
Wasteland Spider-Girl
14%
Yondu
14%
Yondu Udonta
14%
Revelations Army of Evil Blackout
10%
Lilin Blackout
10%
Marauders Blockbuster
10%
Kree Starforce Captain Atlas
10%
Corrupted Government Agents
10%
Weapon Plus Daken
10%
Demogoblin
10%
Demon Dragon
10%
Doppelganger
10%
Fancy Dan
10%
Subterranea Giganto
10%
Gladiator
10%
Gladiator
10%
Shi'ar Imperial Elite Gladiator
10%
Headman Charr
10%
Jigsaw
10%
Jigsaw 2099
10%
Korg
10%
Lilith, Daughter of Dracula
10%
Miek the Unhived
10%
Moloids
10%
Montana
10%
Moonstone
10%
Moose Demon
10%
Ms. Marvel
10%
Ms. Marvel
10%
Omega
10%
Skrulls Paibok the Power Skrull
10%
Party Korg
10%
Phage
10%
Power Man (Erik Josten)
10%
Shriek
10%
Squirrel Girl
10%
Taserface
10%
Terrax the Tamer
10%
The Fenris Wolf
10%
The Mangog
10%
Tombstone
10%
X-Ray
10%
Great Lakes Avengers Big Bertha
7%
Into the Cosmos Black Order of Thanos Black Dwarf
7%
Monster Metropolis Bug, Shiklah's Dragon
7%
Cancer
7%
Zola's Creations Captain Zolandia
7%
Lethal Legion Carnival of Wonders (Location)
7%
Paint the Town Red Maximum Carnage Carrion
7%
Heroes for Hire Colleen Wing
7%
Crimson Cowl
7%
Demon Bear
7%
Utopolis Doctor Spectrum
7%
Dome of Darkforce (Location)
7%
Doop
7%
Doughboy
7%
Dum Dum Dugan
7%
Thunderbolts Fixer
7%
Flatman
7%
MLF Forearm
7%
Iron Foes Hammer Drone Marine
7%
Harry Leland (Black Bishop)
7%
False Aesir of Alchemax Heimdall 2099
7%
Hiroim
7%
U-Foes Ironclad
7%
Jarnbjorn, First Axe of Thor (Villainous Weapon)
7%
Kraglin Obfonteri
7%
Lady Mastermind
7%
Laser Maze (Location)
7%
Madam Masque
7%
Mojoverse Major Domo
7%
Minor Domo
7%
Mister Hyde
7%
Mr. Immortal
7%
Nighthawk
7%
No-Name, Brood Queen
7%
Nuke (Weapon VII)
7%
Ox
7%
Party Kraglin
7%
Penance
7%
Queens of Annihilation
7%
Scalphunter
7%
Scarlet Centurion
7%
Selene
7%
Sentry's Watchtower (Location)
7%
Shang-Chi
7%
Skrull Queen Veranke
7%
Songbird
7%
Spiral
7%
Stardust
7%
Supreme HYDRA
7%
Heroes of Asgard Dark Council The Casket of Ancient Winters (Villainous Weapon)
7%
Elders of the Universe The Champion of the Universe
7%
The Dark Dimension (Location)
7%
Omens of Ragnarok The Eternal Flame (Villainous Weapon)
7%
The Hel-Crown (Villainous Weapon)
7%
The Raft Prison (Location)
7%
Tiamut, the Dreaming Celestial
7%
Typhoid Mary
7%
Typhoid Mary (Weapon IX)
7%
Vector
7%
Vertigo
7%
Warrior Woman
7%
White Gorilla Cult (Location)
7%
Whizzer
7%
Wildside
7%
Yeoman America
7%
Zero
7%
Zombie Wong
7%
Ultron's Legacy Alkhema
3%
Guardians of Knowhere Angela
3%
Annihilation Annihilation Wave Annihilation Armada
3%
Domain of Apocalypse Apocalyptic Blink
3%
Shi'ar Imperial Guard Blackthorn
3%
Deadpool Deadpool's "Friends" Blind Al and Deuce
3%
Hellions Catseye
3%
Chimera
3%
Weapon X Berserkers Cyber
3%
Demon Druid
3%
Dr. Carlton Drake
3%
Dr. Minerva
3%
Exitar, the Exterminator
3%
Fighter Jet
3%
Frigga, Mother of Thor
3%
High Tech Helmet
3%
Humbug
3%
Inferno Darkchilde
3%
Infini-Tendrils
3%
Iron Knight
3%
Iron Maiden
3%
Jack O'Lantern
3%
Jormungand, the World-Serpent
3%
Joystick
3%
Korath's Disrupter Rifle (Villanous Weapon)
3%
K'un-Lun Laughing Skull
3%
Lieutenant Caiera
3%
Mach-IV
3%
Man-Fish
3%
Marcus Symbiote Centaur
3%
Megataur
3%
Micromax
3%
Mindless Ones
3%
Morg
3%
Oracle
3%
Outrider Dropships
3%
Outriders
3%
Outrider Threshers
3%
Pink Sphinx
3%
Pixie
3%
Predator X
3%
Pretty Boy
3%
Killmonger's League Preyy
3%
Ra'ktar the Molan King
3%
Random
3%
Random
3%
Ravager Starship "Eclector" (Villanous Weapon)
3%
Raza, Ten Rings Leader
3%
Razor Fist
3%
Razor Talons
3%
Reignfire
3%
Reverend William Stryker
3%
Sakaaran Mercenaries
3%
Scavenged Blade (Villanous Weapon)
3%
Shadow Man
3%
Sharon Carter, Agent 13
3%
Shatterax
3%
Sindr, Fire Giant Queen
3%
Sluggo
3%
Smasher
3%
Sonic Cannon
3%
Sonny Burch
3%
Sonny Burch's Goons
3%
Sporr
3%
Star-Knight
3%
Superia
3%
S'ym
3%
Symbiotic Armor
3%
Tarantula
3%
Hood's Gang The Brother's Grimm
3%
Marvel Studios' Guardians of the Galaxy Followers of Ronan The Dark Aster Flagship (Villanous Weapon)
3%
The Runner
3%
Thunderbird
3%
Thundra
3%
Turbine Powered
3%
Warwolves
3%
Weasel
3%
Wild Child
3%
Yaka Arrow (Villanous Weapon)
3%
S.H.I.E.L.D. Elite Agent Eric Marshall
0%
Ghost Chasers Anitolov
0%
Midnight Sons Fallen Atrocity
0%
Quantum Realm Axian Bartender
0%
Axian Maitre D'
0%
Baron Macabre
0%
World War Hulk Aspects of the Void Black Anti-Hurricane
0%
Ant-Man Queen's Vengeance Blackbird
0%
Black Widow Elite Assassins Black Lotus
0%
Blue Talon
0%
Reavers Bonebreaker
0%
Marvel Studios' Ant-Man and the Wasp Armada of Kang Build a Conquering Army (Ambush Scheme)
0%
Purifiers Cameron Hodge
0%
Chemistro
0%
City Defense System
0%
New Mutants Demons of Limbo Crotus
0%
2099 Alchemax Enforcers Cyber-Nostra
0%
Daystar
0%
Demonform
0%
Doc Samson
0%
Donald Blake
0%
Dreamstalker
0%
Doctor Strange and the Shadows of Nightmare Fear Lords D'Spayre
0%
Warbound Elloe Kaifi
0%
Empath
0%
Energy Shield
0%
Exolon Attendants
0%
Exolon Monks
0%
X-Men Dark Descendants Fatale
0%
Feral
0%
Messiah Complex Acolytes Frenzy
0%
Gammenon, the Gatherer
0%
Ravagers Gef
0%
Gigantus
0%
Champions Monsters Unleashed Goom
0%
Gorgon
0%
Clan Yashida Gorgon
0%
S.H.I.E.L.D. A.I.M., Hydra Offshoot Graviton
0%
Great Devil Corker
0%
Growing Man
0%
High-Speed Car Chase (Ambush Scheme)
0%
Howard the Duck
0%
Hungering Energy
0%
Huntsman (Weapon XII)
0%
Spider-Man: Homecoming Salvagers Hybrid Alien Tech
0%
Jakarra
0%
Jester
0%
Jetstream
0%
From Beyond Kosmos
0%
Kubik
0%
Leper Queen
0%
Lineage
0%
Lord Krylar's Appetizer
0%
Lord Krylar's Valet
0%
Lord Krylar's Yacht
0%
Lord Shingen
0%
Malice
0%
Meatmarket
0%
Mentallo
0%
Mentor
0%
Metarchus
0%
Miss Locke
0%
Monsteroso
0%
Mordred the Evil
0%
N'astirh
0%
Nemesis
0%
Nezarr, the Calculator
0%
Black Panther Enemies of Wakanda Nightshade
0%
Nox
0%
Orrgo
0%
Outcast
0%
Patriarch
0%
Plutonia
0%
Primus
0%
Primus Vand
0%
Pursuit Craft
0%
Quantumania (Ambush Scheme)
0%
Quantumnaut Elite
0%
Quantumoeba
0%
Rachel Summers of Future Past
0%
Ravenous
0%
Reverend Achebe
0%
Roulette
0%
Salomé, Sorceress Supreme
0%
Satana Hellstrom
0%
Satannish
0%
Scarlet Samurai
0%
Shrinksperiments
0%
Sister Nil
0%
Skinless Man (Weapon III)
0%
Skullbuster
0%
Sky Manta
0%
Snapdragon
0%
Starbolt
0%
Supremor
0%
Take Over Pym Technologies (Ambush Scheme)
0%
Tarot
0%
Tempo
0%
Tetu
0%
The Lurking Unknown
0%
The Mapmakers
0%
The Shaper of Worlds
0%
The Trader
0%
The Unspoken
0%
Thornn
0%
Tim Boo Ba
0%
Trull the Unhuman
0%
Tullk
0%
Ultimaton (Weapon XV)
0%
Umar
0%
Unuscione
0%
Uzman, with Truth Serum
0%
Venture
0%
Whackoid
0%
Witchfire
0%
Zenzi
0%
Zzutak
0%
No matching quizzes found
Score Distribution
Percent of People with Each Score
Percentile by Number Answered
Your Score History
You have not taken this quiz since the last reset